000 00453nab a2200145Ia 4500
003 ES-SlBCS
005 20210601132847.0
008 140529s1956 xxu||||| |||| 00| 0 ita d
041 _aita
100 1 _aGiacon, Carlo
_922546
245 0 0 _aLa fenomenologia (Resoconto dell'XI Convegno di Gallarate)
_c Carlo Giacon
650 0 4 _aFenomenología
_986431
773 0 _tGiornali di Metafisica
_gvol. 11, nº. 2, 1956, págs. 257-269
_w0017-0372
942 _cAR
999 _c586789
_d586789